000 00528nam a2200169Ia 4500
005 20250923145122.0
008 008 250917s9999 xx 000 0 eng d
037 _aReports
040 _aDSWL
_beng
_cDSWL
041 _aeng
_2eng
084 _aYX,z1;6-Jpi;N35, N60
_qDSWL
245 0 _aort term imprisonment general report
_cby United Nations
260 _aNew York
_b Dept. of Eco. & Social Affairs
_c1960
300 _av,154 p.
942 _cREP
_hYX,z1;6-Jpi;N35, N60
999 _c1447376
_d1447376